[Event "Regionalliga SW 0203"]
[Site "Bayern"]
[Date "2002.10.20"]
[Round "1.2"]
[White "Rogobete, Nikolas Johann"]
[Black "Komljenovic, Luka"]
[Result "1/2-1/2"]
[WhiteElo "2127"]
[BlackElo "2174"]
[PlyCount "76"]
[EventDate "2002.10.20"]
[EventType "team"]
[EventRounds "9"]
[EventCountry "GER"]
[SourceTitle "EXT 2004"]
[Source "ChessBase"]
[SourceDate "2003.11.25"]
[SourceVersion "1"]
[SourceVersionDate "2003.11.25"]
[SourceQuality "1"]
[WhiteTeam "Tuerkheim"]
[BlackTeam "Unterhaching"]
[WhiteTeamCountry "GER"]
[BlackTeamCountry "GER"]

1. e4 c5 2. Nf3 d6 3. d4 cxd4 4. Nxd4 Nf6 5. Nc3 g6 6. Be3 Bg7 7. f3 0-0 8. Qd2 Nc6 9. 0-0-0 d5 10. Qe1 e5 11. Nxc6 bxc6 12. exd5 Nxd5 13. Bc4 Be6 14. Ne4 Qc7 15. Bc5 Rfd8 16. Qh4 h6 17. g4 a5 18. g5 h5 19. a4 Nf4 20. Bxe6 Nxe6 21. Bd6 Qa7 22. Rhe1 Rd7 23. Rd3 Rad8 24. Red1 Nd4 25. Bc5 Qa6 26. Bxd4 Rxd4 27. Rxd4 Rxd4 28. Rxd4 exd4 29. Qe1 c5 30. Nxc5 Qc4 31. Qe8+ Kh7 32. Qb5 Qd5 33. Ne4 Qa2 34. Qb3 Qa1+ 35. Kd2 Qg1 36. Qxf7 Qe3+ 37. Kd1 Qg1+ 38. Ke2 Qg2+ 1/2-1/2

[Event "Regionalliga SW 0102"]
[Site "Bayern"]
[Date "2002.04.28"]
[Round "9.2"]
[White "Kuhnert, Josef"]
[Black "Komljenovic, Luka"]
[Result "1/2-1/2"]
[WhiteElo "2030"]
[BlackElo "2175"]
[PlyCount "81"]
[EventDate "2001.10.07"]
[EventType "team"]
[EventRounds "9"]
[EventCountry "GER"]
[SourceTitle "EXT 2003"]
[Source "ChessBase"]
[SourceDate "2002.11.25"]
[SourceVersion "1"]
[SourceVersionDate "2002.11.25"]
[SourceQuality "1"]
[WhiteTeam "Sonthofen"]
[BlackTeam "Unterhaching"]
[WhiteTeamCountry "GER"]
[BlackTeamCountry "GER"]

1. d4 Nf6 2. Nf3 g6 3. Bg5 Bg7 4. Nbd2 c5 5. Bxf6 Bxf6 6. Ne4 Bxd4 7. Nxd4 cxd4 8. Qxd4 0-0 9. 0-0-0 Nc6 10. Qd2 Qa5 11. Nc3 d6 12. e4 Be6 13. Kb1 Rfc8 14. f3 Ne5 15. Nd5 Qxd2 16. Rxd2 Bxd5 17. Rxd5 Rc7 18. Be2 Rac8 19. c3 h5 20. h4 Kg7 21. Rhd1 a6 22. R5d4 Rc5 23. f4 Nc4 24. Bxc4 Rxc4 25. Rxc4 Rxc4 26. Rd4 Rxd4 27. cxd4 f5 28. e5 dxe5 29. dxe5 Kf7 30. Kc2 Ke6 31. Kc3 Kd5 32. Kd3 b6 33. b3 e6 34. a3 Kc5 35. Kc3 Kd5 36. Kd3 Kc5 37. Kc3 Kc6 38. Kc4 Kc7 39. Kd4 Kc6 40. Kc4 Kc7 41. Kd4 1/2-1/2

[Event "Regionalliga SW 0102"]
[Site "Bayern"]
[Date "2002.02.24"]
[Round "6.2"]
[White "Komljenovic, Luka"]
[Black "Schreiner, Richard"]
[Result "0-1"]
[WhiteElo "2175"]
[BlackElo "2150"]
[PlyCount "64"]
[EventDate "2001.10.07"]
[EventType "team"]
[EventRounds "9"]
[EventCountry "GER"]
[SourceTitle "EXT 2003"]
[Source "ChessBase"]
[SourceDate "2002.11.25"]
[SourceVersion "1"]
[SourceVersionDate "2002.11.25"]
[SourceQuality "1"]
[WhiteTeam "Unterhaching"]
[BlackTeam "Garching"]
[WhiteTeamCountry "GER"]
[BlackTeamCountry "GER"]

1. d4 d6 2. Nf3 g6 3. c4 Bg7 4. e4 Nc6 5. d5 Ne5 6. Nxe5 dxe5 7. Nc3 Nf6 8. Be2 0-0 9. 0-0 Ne8 10. f4 f5 11. exf5 Bxf5 12. Be3 Bd7 13. Qd2 Nd6 14. fxe5 Bxe5 15. Bd4 Bf6 16. c5 Nf5 17. Bxf6 exf6 18. Bc4 Be6 19. Rad1 Bf7 20. g4 Ng7 21. Ne4 f5 22. Ng5 Kh8 23. Rf3 Bg8 24. Rdf1 c6 25. gxf5 gxf5 26. Rh3 Rf6 27. Kh1 cxd5 28. Bb3 Qe7 29. Bxd5 Rd8 30. Rd3 Rg6 31. Bxg8 Rxg5 32. Qxg5 Qxg5 0-1

[Event "Regionalliga SW 0102"]
[Site "Bayern"]
[Date "2002.02.03"]
[Round "5.2"]
[White "Wood, Christopher Baruch"]
[Black "Komljenovic, Luka"]
[Result "0-1"]
[WhiteElo "2200"]
[BlackElo "2175"]
[PlyCount "110"]
[EventDate "2001.10.07"]
[EventType "team"]
[EventRounds "9"]
[EventCountry "GER"]
[SourceTitle "EXT 2003"]
[Source "ChessBase"]
[SourceDate "2002.11.25"]
[SourceVersion "1"]
[SourceVersionDate "2002.11.25"]
[SourceQuality "1"]
[WhiteTeam "Muenchen Tarrasch"]
[BlackTeam "Unterhaching"]
[WhiteTeamCountry "GER"]
[BlackTeamCountry "GER"]

1. e4 c5 2. Nf3 d6 3. d4 cxd4 4. Nxd4 Nf6 5. Nc3 g6 6. Be3 Bg7 7. f3 0-0 8. Qd2 Nc6 9. 0-0-0 d5 10. Qe1 e5 11. Nxc6 bxc6 12. exd5 Nxd5 13. Bc4 Be6 14. h4 Qe7 15. Nxd5 cxd5 16. Bxd5 Bxd5 17. Rxd5 Rab8 18. Qd2 e4 19. Bd4 e3 20. Qd3 e2 21. Re1 Qxh4 22. Rxe2 Bh6+ 23. Be3 Qh1+ 24. Qd1 Bxe3+ 25. Rxe3 Qxg2 26. Qe2 Qxe2 27. Rxe2 Rb7 28. c4 Rc8 29. b3 h5 30. Kc2 Kg7 31. Kc3 Rc6 32. b4 Rf6 33. Rd3 g5 34. b5 Rf4 35. Re4 Rxe4 36. fxe4 h4 37. Kb4 g4 38. e5 Kg6 39. c5 g3 40. Rd8 Kf5 41. c6 Re7 42. Rd7 Ke6 43. Rxa7 g2 44. c7 Re8 45. b6 g1Q 46. Kb5 Qb1+ 47. Kc6 Qe4+ 48. Kb5 Qxe5+ 49. Ka6 Qe2+ 50. Kb7 Qe4+ 51. Ka6 Qc6 52. a4 Qxa4+ 53. Kb7 Qe4+ 54. Ka6 Qc6 55. Ka5 Kd6 0-1

[Event "Bayern-chI Bank Hofmann 4th"]
[Site "Bad Wiessee"]
[Date "2000.11.05"]
[Round "9"]
[White "Komljenovic, Luka"]
[Black "Wunder, Stefan"]
[Result "1-0"]
[WhiteElo "2194"]
[BlackElo "2091"]
[PlyCount "81"]
[EventDate "2000.10.28"]
[EventType "swiss"]
[EventRounds "9"]
[EventCountry "GER"]
[SourceTitle "EXT 2003"]
[Source "ChessBase"]
[SourceDate "2002.11.25"]
[SourceVersion "1"]
[SourceVersionDate "2002.11.25"]
[SourceQuality "1"]

1. d4 g6 2. c4 Bg7 3. e4 d6 4. Nc3 c6 5. Nf3 Nf6 6. Be2 0-0 7. 0-0 a5 8. h3 Na6 9. e5 Ne8 10. Bf4 Nac7 11. Qc1 Ne6 12. Bh6 dxe5 13. dxe5 Nd4 14. Rd1 Nxf3+ 15. Bxf3 Qc7 16. Re1 Be6 17. b3 Rd8 18. Na4 Bxh6 19. Qxh6 Ng7 20. g4 f6 21. exf6 Rxf6 22. Nc5 Bc8 23. Ne4 Rxf3 24. Ng5 Rxh3 25. Nxh3 Ne8 26. Qf4 Qxf4 27. Nxf4 Bxg4 28. Rxe7 Ng7 29. Rae1 g5 30. Ng2 Bf3 31. Rxb7 Nf5 32. Re5 Rf8 33. Rxa5 h6 34. Raa7 Be4 35. Rd7 c5 36. Ne3 Nd4 37. Ng4 Nf3+ 38. Kf1 h5 39. Nh6+ Kh8 40. Nf7+ Kg8 41. Nxg5 1-0